000 00316nam a2200133 i 4500
001 bg
100 1 _aMCLAFFERTY, F. W.
245 0 _aInterpretation of Mass Spectra /
_cF.W. Mc Lafferty.
260 _aReading,
_c1973.
040 _cBPK
041 _apol
942 _cKS
008 s pl f |000 0 pol
999 _c16200
_d16200
856 _uhttp://koha.tu.koszalin.pl/cgi-bin/koha/opac-detail.pl?biblionumber=16200
_yKatalog online BPK